000 00575nam a2200193Ia 4500
008 191130s2005##################000#0#eng##
020 _a9780415372688
040 _aACL
_cACL
082 _a305 WIL
100 _aWilkinson, Richard G
245 _aThe impact of inequality
_cRichard G. Wilkinson
260 _aNew York ; London
_bRoutledge
_c2005
300 _aviii, 355 p. ; 24 cm
500 _aIncludes bibliographical references and index
650 _aEquality -- Health aspects
990 _a9a132a45ac10000c59e4be67a501163f
991 _a209012
999 _c53637
_d53637